Obras de San Juan Crisóstomo. (Record no. 170846)

MARC details
000 -LEADER
campo de control de longitud fija 00821nam a2200217 i 4500
001 - NÚMERO DE CONTROL
campo de control 170846
003 - IDENTIFICADOR DE NÚMERO DE CONTROL
campo de control ES-MaACL
005 - FECHA Y HORA DE LA ÚLTIMA TRANSACCIÓN
campo de control 20250808062748.0
008 - DATOS DE LONGITUD FIJA--INFORMACIÓN GENERAL
campo de control de longitud fija 090413s1956 sp |||| | spa d
100 0# - ENTRADA PRINCIPAL--NOMBRE DE PERSONA
Nombre de persona Juan Crisóstomo
Títulos y otros términos asociados al nombre Santo.
9 (RLIN) 139759
245 10 - MENCIÓN DEL TÍTULO
Título Obras de San Juan Crisóstomo.
Número de parte o sección de la obra II,
Nombre de parte o sección de la obra Homilías sobre el Evangelio de San Mateo (46-90) /
Mención de responsabilidad, etc. texto griego, versión española y notas de Daniel Ruiz Bueno.
260 ## - PUBLICACIÓN, DISTRIBUCIÓN, ETC.
Lugar de publicación, distribución, etc. Madrid :
Nombre del editor, distribuidor, etc. La Editorial Católica,
Fecha de publicación, distribución, etc. 1956.
300 ## - DESCRIPCIÓN FÍSICA
Extensión XII, 778 p. ;
Dimensiones 20 cm.
490 1# - MENCIÓN DE SERIE
Mención de serie Biblioteca de autores cristianos ;
Designación de volumen o secuencia 146
546 ## - NOTA DE IDIOMA
Nota de lengua/lenguaje Texto en griego y traducción en español.
700 0# - ENTRADA AGREGADA--NOMBRE PERSONAL
Nombre de persona Ruiz Bueno, Daniel.
9 (RLIN) 100677
830 00 - PUNTO DE ACCESO ADICIONAL DE SERIE-TÍTULO UNIFORME
Título uniforme Biblioteca de autores cristianos
Designación de volumen o secuencia 146
9 (RLIN) 178679
852 ## - LOCALIZACIÓN
Ubicación ES-MaACL
Número de control de estantería J-144
itemnumber 46092
Holdings
Estatus retirado Estado de pérdida Estado de daño No para préstamo Biblioteca de origen Biblioteca actual Ubicación en estantería Fecha de adquisición Fuente de adquisición Total de préstamos Signatura topográfica completa Código de barras Visto por última vez Precio de reemplazo Tipo de ítem Koha
        Biblioteca del Ateneo de Madrid Biblioteca del Ateneo de Madrid Depósito 2 13/04/2009     J-144 1179302 23/02/2023 23/02/2023 Libro impreso